00000000nam##2200000za#4500
0019.613249
003CaOODSP
00520200327130532
007ta
008150406|1996||||xxc|||||     f|0| 0 eng|d
022 |a0706-6457
040 |aCaOODSP|beng
043 |an-cn---
0861 |aFs97-6/2100E
1101 |aCanada. |bDepartment of Fisheries and Oceans.
24510|aReport of the second workshop on Scotia-Fundy groundfish management / |cby D. L. Burke et al.
260 |aOttawa - Ontario : |bFisheries and Oceans Canada |c1996.
300 |avii, 247p. : |bfigs., graphs, references, tables ; |c28 cm.
4901 |aCanadian technical report of fisheries and aquatic sciences|x0706-6457|v2100
500 |aPrepared by the Maritimes Region, Department of Fisheries and Oceans, P.O. Box 1006, Dartmouth, Nova Scotia B2Y 4A2.
546 |aRésumés en français
563 |aSoftcover
590 |a96-28|b1996-07-12
69007|aFish|2gcpds
7201 |aBurke, D. L.
7760#|tReport of the second workshop on Scotia-Fundy groundfish management |w(CaOODSP)9.574069
830#0|aCanadian technical report of fisheries and aquatic sciences,|x0706-6457|v2100|w(CaOODSP)9.514691